000
00456nam a2200169Ia 4500
008
090711s9999 xx 000 0 und d
082
_b
79867
100
_a
काळे व. पु.
245
_a
वलय
260
_b
महेता पब्लिकेशन हाऊस
_c
1996
300
_a
168
600
_a
काळे व. पु.
630
_a
वलय
700
_a
काळे व. पु.
730
_a
वलय
942
_c
BOOK
999
_c
320997
_d
320997